| 000 | 00494nam a2200181Ia 4500 | ||
|---|---|---|---|
| 001 | 4477 | ||
| 005 | 20260306145759.0 | ||
| 008 | 260306t2007||||xx |||||||||||||| ||spa|| | ||
| 041 | _aESP | ||
| 082 |
_a323.042985 _bP26 |
||
| 100 |
_aGrompone, Romeo (ed.) _eAUT |
||
| 245 | 0 |
_aLa participación desplegada en la política y la sociedad: _btemas olvidados, nuevos enfoques |
|
| 260 | _c2007 | ||
| 300 |
_a252 páginas : _c24 cm. |
||
| 650 | _aGEN | ||
| 654 | _aCHU | ||
| 942 |
_cLIB _dJUS _fJUS _2ddc _n |
||
| 999 |
_c4477 _d4477 |
||